[Event "DDMM (Women)"]
[Site "Germany"]
[Date "1999.??.??"]
[Round "3.7"]
[White "Wagner, Ariane"]
[Black "Schuster, Birgit"]
[Result "0-1"]
[WhiteElo "2030"]
[BlackElo "2080"]

1.d4 Nf6 2.Bg5 c5 3.Bxf6 gxf6 4.d5 d6 5.e3 Qb6 6.Qc1 Bg7 7.Nf3 Bf5 8.Nbd2 Nd7
9.Be2 Rg8 10.Nh4 Bg6 11.e4 Bxe4 12.Nxe4 Qb4+ 13.Nc3 Qxh4 14.Nb5 Kf8 15.Qd1 a6
16.Nc3 f5 17.Bf3 Ne5 18.Qe2 Qf4 19.Rb1 Bf6 20.Nd1 b5 21.Ne3 Nxf3+ 22.Qxf3 Qxf3
23.gxf3 f4 24.Nd1 c4 25.Nc3 Rc8 26.Ke2 Bxc3 27.bxc3 Rc5 28.Rhd1 Rg2 29.h3 Rh2
30.Rd4 Rxh3 31.Rg1 Rh5 32.Rxf4 Rcxd5 33.Rfg4 Rhe5+ 34.Re4 h5 35.Ke3 h4 36.Rh1 Rxe4+
37.fxe4 Rh5 38.f4 h3 39.Kf3 h2 40.a3 e6 41.Kg4 Rh8 42.e5 Ke7 43.exd6+ Kxd6
44.Kg5 Ke7 45.f5 f6+ 46.Kf4 e5+ 47.Ke4 Kd6  0-1

[Event "DDMM (Women)"]
[Site "Germany"]
[Date "1999.??.??"]
[Round "3.1"]
[White "Olbrich, Marina"]
[Black "Paehtz, Elisabeth"]
[Result "0-1"]
[WhiteElo "2300"]
[BlackElo "2210"]

1.d4 Nf6 2.Bg5 c5 3.Bxf6 gxf6 4.d5 Qb6 5.Qc1 Bg7 6.g3 f5 7.c3 Na6 8.Bg2 Qf6
9.Nh3 h5 10.Na3 d6 11.Qg5 Bd7 12.Qxf6 Bxf6 13.e3 b5 14.Kd2 Rb8 15.Nf4 h4
16.Bf3 Nc7 17.Rab1 a5 18.Ng2 hxg3 19.fxg3 e6 20.dxe6 fxe6 21.Nf4 b4 22.cxb4 axb4
23.Nc4 d5 24.Nd6+ Ke7 25.Nxf5+ exf5 26.Ng6+ Kd6 27.Nxh8 Bxh8 28.a3 c4 29.axb4 Rxb4
30.Kc1 Rb3 31.Re1 Na6 32.Bd1 Rb4 33.Bc2 Nc5 34.Re2 Bg7 35.Rf2 Bh6  0-1

[Event "SWZ-ch"]
[Site "Graechen"]
[Date "1999.??.??"]
[Round "?"]
[White "Gallagher, Joseph G"]
[Black "Zueger, Beat"]
[Result "1-0"]
[WhiteElo "2519"]
[BlackElo "2424"]

1.d4 Nf6 2.Bg5 c5 3.d5 Ne4 4.Bf4 d6 5.Nd2 Nf6 6.e4 g6 7.Ngf3 Bg7 8.Bb5+ Bd7
9.Bd3 O-O 10.O-O Bg4 11.h3 Bxf3 12.Nxf3 Nbd7 13.c3 Qc7 14.Qe2 a6 15.Rad1 b5
16.Rfe1 Nb6 17.Qd2 Rad8 18.Bf1 Qb7 19.b3 Nfd7 20.Bh6 Ne5 21.Nh2 Bxh6 22.Qxh6 f6
23.Qd2 g5 24.g3 Kh8 25.f4 Nf7 26.Be2 gxf4 27.gxf4 Rg8+ 28.Kh1 Rg7 29.Bg4 Rdg8
30.Be6 Qb8 31.Ng4 Qf8 32.Qf2 Na8 33.Qh4 Nc7 34.Bf5 a5 35.Re2 Qa8 36.Rg2 a4
37.Ne3 axb3 38.axb3 c4 39.bxc4 bxc4 40.Rdg1 Qf8 41.Bxh7  1-0

[Event "Havana Provincial-B"]
[Site "Havana"]
[Date "1999.??.??"]
[Round "?"]
[White "Diaz, Dagoberto"]
[Black "Vega, Lemay"]
[Result "0-1"]
[WhiteElo "2210"]
[BlackElo "2275"]

1.d4 Nf6 2.Bg5 c5 3.d5 Ne4 4.Bf4 Qb6 5.Qc1 d6 6.Nd2 Nxd2 7.Bxd2 e6 8.e4 exd5
9.exd5 Be7 10.Bc4 O-O 11.Ne2 Bf6 12.c3 Nd7 13.f4 Qc7 14.Qc2 g6 15.Ng3 Nb6
16.Be2 Nxd5 17.O-O Bd7 18.f5 c4 19.Rad1 Rae8 20.Bh6 Ne3 21.Bxe3 Rxe3 22.Qd2 Qb6
23.Qxd6 Bc6 24.Kh1 Be5 25.Qd2 Bxg3  0-1

[Event "Heinola We HeinSK"]
[Site "Heinola"]
[Date "1999.??.??"]
[Round "4"]
[White "Mertanen, Janne"]
[Black "Sorri, Kari Juhani"]
[Result "1/2-1/2"]
[WhiteElo "2165"]
[BlackElo "2277"]

1.d4 d5 2.Bg5 Nf6 3.Bxf6 exf6 4.g3 c6 5.Bg2 Bd6 6.e3 O-O 7.Ne2 Re8 8.O-O Nd7
9.Nd2 f5 10.c4 Nf6 11.Nc3 Be6 12.cxd5 Nxd5 13.Nxd5 Bxd5 14.Bxd5 cxd5 15.Qf3 Bb4
16.Nb3 Qd7 17.Rac1 Rac8 18.a3 Bf8 19.Nc5 Bxc5 20.dxc5 g6 21.Rfd1 Re4 22.Rd4 Rxd4
23.exd4 Re8 24.b4 Re4 25.Rd1 h5 26.h3 h4 27.gxh4 Rxh4 28.Qg3 Re4 29.Qd6 Qxd6
30.cxd6 Re6 31.Rc1 Rxd6 32.Rc7 Ra6 33.Rxb7 Rxa3 34.Kg2 Rd3 35.Rxa7 Rxd4 36.Ra5 Kg7
37.b5 Rb4 38.b6 d4 39.Rd5 Kf6 40.b7 Rxb7 41.Rxd4 Kg5 42.Ra4 Rb6 43.Rc4 Kf6
44.Ra4 g5 45.Rc4 Kg6 46.Ra4 f4 47.Rc4 f5 48.Ra4 Rb3 49.Ra5 g4 50.hxg4 fxg4
51.Ra6+ Kg5 52.Ra5+ Kh4 53.Ra8 f3+ 54.Kh2 Rb1 55.Rh8+ Kg5 56.Rg8+ Kf4 57.Rf8+ Ke4
58.Rg8 Kf5  1/2-1/2

[Event "Helsinki-ch"]
[Site "Helsinki"]
[Date "1999.??.??"]
[Round "?"]
[White "Salimaki, Janne"]
[Black "Kiltti, Jyrki"]
[Result "0-1"]
[WhiteElo "2282"]
[BlackElo "2192"]

1.d4 Nf6 2.Bg5 c5 3.Nc3 Qa5 4.Bxf6 gxf6 5.e3 cxd4 6.exd4 h5 7.Bc4 Rg8 8.Bd5 e6
9.Bf3 Ba3 10.bxa3 Qxc3+ 11.Kf1 h4 12.Ne2 Qxa3 13.c3 d5 14.Qc2 h3 15.Qh7 hxg2+
16.Bxg2 Rf8 17.h4 Nc6 18.Qg7 b6 19.Re1 Ba6 20.Rh3 Qxa2 21.Qxf6 Ne7 22.h5 Qc2
23.Re3 Qf5 24.Qh4 Rg8 25.Rf3 Qg5 26.Qh2 Nf5 27.Bh3 Qxh5 28.Rxf5 exf5 29.Qe5+ Kf8
30.Qd6+ Kg7 31.Qe5+ Kh6 32.Qxf5 Qxf5 33.Bxf5 Rae8 34.f4 Rxe2 35.Rxe2 Re8
36.Bg4 Bxe2+ 37.Bxe2 Rc8  0-1

[Event "Hessen-ch int"]
[Site "Hessen"]
[Date "1999.??.??"]
[Round "1"]
[White "Winants, Luc"]
[Black "Huelsewig, Jessica"]
[Result "1-0"]
[WhiteElo "2510"]
[BlackElo "1890"]

1.d4 Nf6 2.Bg5 g6 3.Bxf6 exf6 4.c4 d6 5.Nc3 Bg7 6.g3 O-O 7.Bg2 Nc6 8.e3 Rb8
9.Nge2 a6 10.O-O Ne7 11.b4 f5 12.a4 Bd7 13.Qd3 Nc6 14.Nd5 a5 15.b5 Ne7 16.Rac1 c6
17.Nxe7+ Qxe7 18.Qd2 Qd8 19.Nf4 Qc7 20.Rb1 b6 21.bxc6 Bxc6 22.Bxc6 Qxc6 23.Qa2 Rfc8
24.Rfc1 Bf6 25.Nd5 Bd8 26.Rb5 Kg7 27.Qb3 Rb7 28.Rc3 Rcb8 29.Rc2 Rd7 30.Qa2 Rc8
31.Rb1 Kf8 32.Qb3 Kg7 33.Qb5 Kf8 34.Kf1 Ke8 35.Ke2 Rb7 36.Kd3 Kd7 37.Qxc6+ Kxc6
38.Rb5 Rcb8 39.Rcb2 h6 40.f3 Bg5 41.Re2 Re8 42.Rb1 h5 43.Rf1 h4 44.g4 Re6
45.gxf5 gxf5 46.Rg1 Bh6 47.Rg8 Rg6 48.Rg2 Rxg2 49.Rxg2 Rb8 50.Ne7+  1-0

[Event "HUN-chT9899"]
[Site "HUN"]
[Date "1999.??.??"]
[Round "?"]
[White "Tolnai, Tibor"]
[Black "Krizsany, Laszlo"]
[Result "1-0"]
[WhiteElo "2560"]
[BlackElo "2405"]

1.d4 d5 2.Bg5 Nf6 3.Bxf6 gxf6 4.e3 e6 5.c4 dxc4 6.Bxc4 Nd7 7.Qh5 Nb6 8.Bb3 a5
9.a3 a4 10.Ba2 Rg8 11.Ne2 h6 12.Nbc3 Bd7 13.e4 Rg5 14.Qf3 Bd6 15.h4 Rg8 16.g3 Qe7
17.Qh5 Qf8 18.Nb5 Ke7 19.Nxd6 cxd6 20.Rc1 Rc8 21.O-O e5 22.Qf3 Bg4 23.Qe3 Bxe2
24.Qxe2 Qe8 25.dxe5 fxe5 26.Rxc8 Qxc8 27.Qd2 Qh3 28.Rc1 Nd7 29.Rc3 Nc5 30.Qxh6 Rg6
31.Qh5  1-0

[Event "HUN-chT29899"]
[Site "HUN"]
[Date "1999.??.??"]
[Round "?"]
[White "Gaspar, Zoltan"]
[Black "Frank, Jozsef"]
[Result "1-0"]
[WhiteElo "2205"]
[BlackElo "2165"]

1.d4 d5 2.Bg5 Nf6 3.e3 e6 4.Bd3 Be7 5.f4 Ne4 6.Bxe7 Qxe7 7.Nf3 Qb4+ 8.c3 Qxb2
9.Bxe4 dxe4 10.Nfd2 Bd7 11.O-O Qxa1 12.Qc2 O-O 13.Nxe4 Bb5 14.Ng5 g6 15.c4 Bxc4
16.Qxc4 Qb2 17.Nc3 Qd2 18.Nd1 Nc6 19.h4 Qb4 20.Qc2 h6 21.Ne4 Qe7 22.h5 f5
23.Nc5 b6 24.Na6 Nb8 25.Qxc7 Re8 26.Qxe7 Rxe7 27.Nb4 gxh5 28.Nc3 a5 29.Nd3 Nc6
30.Rb1 Nb4 31.Ne5 Rc8 32.Rb3 Rec7 33.Na4 Rc1+ 34.Kh2 Rb8 35.Nd7 Rb7 36.Ndxb6 Rc6
37.a3 Nc2 38.Kg3 Nxe3 39.Rxe3 Rbxb6 40.Nxb6 Rxb6 41.Re5 a4 42.Kh4 Kf7 43.d5 exd5
44.Rxd5 Rb3 45.Rxf5+ Kg6 46.Ra5 Rxa3 47.f5+ Kf6 48.Kxh5 Ra1 49.Kg4 a3 50.Ra6+ Kg7
51.Ra7+ Kf8 52.Kh5 a2 53.Kg6 Rb1 54.Rxa2 Rb6+ 55.f6 Rb8 56.Ra7  1-0

[Event "HUN-chT9899"]
[Site "HUN"]
[Date "1999.??.??"]
[Round "?"]
[White "Meszaros, Gyula"]
[Black "Meszaros, Gyorgy"]
[Result "1-0"]
[WhiteElo "2305"]
[BlackElo "2195"]

1.d4 Nf6 2.Bg5 d5 3.Bxf6 exf6 4.e3 g6 5.c4 c6 6.Nc3 dxc4 7.Bxc4 Bg7 8.Nge2 O-O
9.O-O b5 10.Bb3 Bb7 11.Ne4 Nd7 12.Rc1 Qe7 13.Nc5 Nxc5 14.Rxc5 Rfd8 15.Nf4 Bf8
16.Qg4 Qd7 17.Qxd7 Rxd7 18.Rc2 Kg7 19.Nd3 a6 20.Nc5 Bxc5 21.Rxc5 f5 22.g3 Re8
23.Rfc1 Rd6 24.a4 Kf6 25.h4 h6 26.Bd1 h5 27.Bf3 Ree6 28.Kg2 Kg7 29.axb5 axb5
30.d5 cxd5 31.Rxb5 Rb6 32.Rcc5 Red6 33.Rxb6 Rxb6 34.Rc2 Kf6 35.Rd2 Ke5 36.Kf1 Ba6+
37.Ke1 Bc4 38.Rc2 Rb3 39.Rd2 Rb6 40.Rc2 Rb3 41.Kd2 Kd6 42.Kc1 Ke5 43.Rd2 Rb6
44.Rd4 Rc6 45.Kb1 Rb6 46.Bd1 Rb7 47.Ba4 Kd6 48.Kc2 Ra7 49.b3 Bf1 50.Kb2 Be2
51.Rd2 Bf3 52.Bb5 Rb7 53.Bf1 f6 54.Rd4 g5 55.b4 f4 56.exf4 gxh4 57.gxh4 Rg7
58.Rd3 Be4 59.Rg3 Rc7 60.Rc3 Rg7 61.Kb3 d4 62.Rc8 Bd5+ 63.Bc4 Bc6 64.Rh8 Bf3
65.Rd8+  1-0

[Event "HUN-chT29899"]
[Site "HUN"]
[Date "1999.??.??"]
[Round "?"]
[White "Brandics, Jozsef"]
[Black "Mincsovics, Miklos"]
[Result "1-0"]
[WhiteElo "2285"]
[BlackElo "2135"]

1.d4 Nf6 2.Bg5 g6 3.Bxf6 exf6 4.e3 Bg7 5.Ne2 b6 6.Nf4 Bb7 7.c3 O-O 8.h4 f5
9.h5 Bf6 10.hxg6 hxg6 11.Bc4 d5 12.Bd3 Kg7 13.Qf3 Bg5 14.Nd2 Nd7 15.g4 Bxf4
16.Qxf4 fxg4 17.Qh6+ Kf6 18.O-O-O Ke6 19.f4 Nf6 20.Qg5 Rg8 21.f5+ gxf5 22.Qxf5+ Ke7
23.Qe5+ Kf8 24.Rdf1 Nd7 25.Qf4 f6 26.Rh7 g3 27.Qh6+  1-0

[Event "HUN-chT9899"]
[Site "HUN"]
[Date "1999.??.??"]
[Round "?"]
[White "Berkes, Ferenc"]
[Black "Rigo, Janos"]
[Result "1/2-1/2"]
[WhiteElo "2290"]
[BlackElo "2325"]

1.d4 Nf6 2.Bg5 c5 3.Nc3 cxd4 4.Qxd4 Nc6 5.Qh4 e6 6.e4 Be7 7.O-O-O h6 8.f4 Qa5
9.e5 Nd5 10.Nxd5 Bxg5 11.fxg5 exd5 12.Kb1 d6 13.exd6 Be6 14.d7+ Kxd7 15.Bc4 Rad8
16.Bb3 Kc8 17.Ne2 hxg5 18.Qxg5 Qc7 19.Nf4 Qe5 20.Qxe5 Nxe5 21.h3 Nc4 22.Rhe1 Rh6
23.Rd4 Nb6 24.Red1 g5 25.Nxd5 Bxd5 26.Bxd5 Rxd5 27.Rxd5 Nxd5 28.Rxd5 g4 29.Rd3 f5
30.Kc1 f4 31.hxg4 Rg6 32.Kd1 Rxg4 33.Rd2 Rg3 34.Rf2 Kd7 35.Ke1 Ke6 36.Re2+ Kf5
37.Kf2 Rg7 38.a3 a6 39.Rd2 Ke5 40.a4 b5 41.axb5 axb5 42.Re2+ Kf5 43.Ke1 b4
44.Kd2 Rd7+ 45.Kc1 Rd8 46.Rd2 Rg8 47.Rf2 Ke4 48.Kd2 Rd8+ 49.Ke2 Rd7 50.Rf3 Rg7
51.Kf2 Rc7 52.c3 Rd7 53.Ke2 Rg7 54.Kf1 Rc7 55.Kg1 b3 56.Rh3 Rc8 57.Kh2 Rc7
58.c4 Rxc4 59.Rxb3 Rc8 60.Rc3 Rb8 61.b3 Rh8+ 62.Rh3 Rb8 63.Kg1 Ra8 64.Rc3 Ra2
65.Kh2 Rb2 66.Kh3 Kd4 67.Rc4+ Ke5 68.b4 Rb3+ 69.Kh2 Rb2 70.Rc5+ Ke4 71.Rc4+ Ke5  1/2-1/2

[Event "Imatra We ImSh 48"]
[Site "Imatra"]
[Date "1999.??.??"]
[Round "2"]
[White "Paasikangas, Johanna"]
[Black "Martynov, Pavel"]
[Result "1/2-1/2"]
[WhiteElo "2279"]
[BlackElo "2455"]

1.d4 Nf6 2.Bg5 c5 3.Bxf6 exf6 4.e3 Qb6 5.b3 a5 6.Nf3 a4 7.Nbd2 cxd4 8.Nxd4 Bb4
9.Nb5 d5 10.c3 Bd7 11.bxa4 Be7 12.Qb3 O-O 13.Nd4 Qc7 14.Bb5 Bc6 15.Rb1 Nd7
16.Bxc6 bxc6 17.Qb7 Rfc8 18.Qxc7 Rxc7 19.Ke2 g6 20.Rhc1 Rxa4 21.c4 Bb4 22.cxd5 Bxd2
23.Kxd2 Rxa2+ 24.Ke1 c5 25.Nc6 f5 26.Rb5 Kg7 27.Rcb1 Nf6 28.Rxc5 Ne4 29.Rcb5 Rxf2
30.Rb7 Rxb7 31.Rxb7 Rxg2 32.Nd8 Rg1+ 33.Ke2 Nc3+ 34.Kf2 Rd1 35.Nxf7 Ne4+
36.Ke2 Rd2+ 37.Kf1 Rxd5 38.Ng5+ Kh6 39.Nxe4 fxe4 40.Re7 Kh5 41.Rxe4 Rd2 42.Kg1 g5
43.Re7 h6 44.Re6 g4 45.h3 gxh3 46.Re4 Re2 47.Kh1 Kg5 48.Kg1 Rc2 49.Kh1 h5
50.Kg1 Rg2+ 51.Kh1 Rg4 52.Rd4 Rg2 53.Re4 Re2 54.Kg1 Rd2 55.Kh1 Rg2 56.Rf4 Rg3
57.Re4 Rg4 58.Rd4 Rg2 59.Re4 h4 60.Rf4 Re2 61.Re4 Kh5 62.Kg1 Rg2+ 63.Kh1 Rd2
64.Rd4 Re2 65.Re4 Kg5 66.Kg1 Rd2 67.Rd4 Rc2 68.Kh1 Re2 69.Re4 h2 70.Ra4 Rd2
71.Rd4 Re2 72.Re4 Kh5  1/2-1/2

[Event "Kiev-ch"]
[Site "Kiev"]
[Date "1999.??.??"]
[Round "9"]
[White "Semenova, Lidia K"]
[Black "Malakhatko, Vadim"]
[Result "1/2-1/2"]
[WhiteElo "2280"]
[BlackElo "2496"]

1.d4 Nf6 2.Bg5 c5 3.Bxf6 gxf6 4.c3 Qb6 5.Qd2 f5 6.e3 cxd4 7.cxd4 f4 8.Bc4 Rg8
9.Bf1 fxe3 10.fxe3 e5 11.Nc3 exd4 12.exd4 Bh6 13.Qf2 Qe6+ 14.Qe2 Nc6 15.d5 Qxe2+
16.Ngxe2 Ne5 17.Nd4 d6 18.Ne4 Ke7 19.Ng3 Rg5 20.Rc1 Bd7 21.Rc7 Kd8 22.Rxb7 Rc8
23.Be2 Rc5 24.Nb3 Rc2 25.Nd4 Rc5 26.Nb3 Rxd5 27.Rxa7 Bc6 28.Rf1 Nd3+ 29.Bxd3 Rxd3
30.Rf2 Rgd5 31.Rc2 Re5+ 32.Ne2 Be4 33.Rc3 Rxc3 34.bxc3 Ke8 35.Ra6 Kd7 36.Ra7+ Ke8
37.Ra6 Kd7 38.Ra7+ Ke8 39.Ra6 Bxg2 40.Rxd6 Bf4 41.Rd3 Bxh2 42.Kf2 Rg5 43.Nbd4 Bb7
44.Rh3 Bd6 45.Rxh7 Ra5 46.Rh6 Bc5 47.Rh8+ Kd7 48.Nc1 Ra3 49.Nb3 Rxa2+ 50.Ke3 Be7
51.Rh5 Kc7 52.Rf5 f6 53.Rh5 Kb6 54.Nf3 Bd8 55.Rh7 Ra3 56.Nfd4 Ba6 57.Rh1 Bc7
58.Ra1 Rxa1 59.Nxa1 Bc8 60.Nab3 f5 61.Nd2 Kc5 62.Kd3 Kd5 63.Ke3 Bd7 64.Ne2 Bd8
65.Nf4+ Ke5 66.Nf3+ Kd6 67.Kd3 Bc6 68.Nd4 Be4+ 69.Ke2 Bg5 70.Nh3 Bh6 71.Nf2 Bb1
72.Nd3  1/2-1/2

[Event "Fide Mercenarios 39th"]
[Site "Mexico"]
[Date "1999.??.??"]
[Round "4"]
[White "Acevedo, Armando"]
[Black "Baltazar, Rafael"]
[Result "0-1"]
[WhiteElo "2265"]
[BlackElo "2160"]

1.d4 Nf6 2.Bg5 g6 3.Bxf6 exf6 4.e3 Bg7 5.g3 O-O 6.Bg2 d5 7.Ne2 c6 8.Nd2 Nd7
9.O-O f5 10.c4 Nf6 11.Nf4 dxc4 12.Nxc4 Ne4 13.Qc2 Qe7 14.Rfd1 g5 15.Ne2 Re8
16.Nc3 Nxc3 17.bxc3 Be6 18.Nd2 Rad8 19.Rab1 h5 20.Re1 Qd7 21.f4 g4 22.c4 Bxd4
23.exd4 Qxd4+ 24.Kh1 Qxd2 25.Qxd2 Rxd2 26.Rb4 Rxa2 27.Rxb7 a6 28.Reb1 Bxc4
29.Rb8 Rxb8 30.Rxb8+ Kg7 31.Bxc6 a5 32.Kg1 a4 33.Rb4 Bb3 34.Bd7 Kf6 35.Rb6+ Be6  0-1

[Event "Fide Mercenarios 40th"]
[Site "Mexico"]
[Date "1999.??.??"]
[Round "5"]
[White "Araiza Nieto, Victor Fernando"]
[Black "Figueroa, David"]
[Result "1-0"]
[WhiteElo "2000"]
[BlackElo "2000"]

1.d4 Nf6 2.Bg5 d5 3.Bxf6 exf6 4.g3 Bd6 5.Bg2 c6 6.Nd2 f5 7.e3 Be6 8.Ne2 O-O
9.O-O Nd7 10.b3 Nf6 11.c4 Rc8 12.c5 Bc7 13.b4 b5 14.cxb6 axb6 15.Nb3 Bd6
16.a3 Ne4 17.f3 Nf6 18.Rc1 Qd7 19.Rc3 Ra8 20.Qc1 Rfc8 21.Qb2 Ra7 22.Ra1 Qe7
23.Nf4 Bd7 24.Re1 g5 25.Nd3 Re8 26.Nd2 g4 27.f4 Ne4 28.Nxe4 fxe4 29.Ne5 Rc8
30.Rec1 Bxe5 31.fxe5 f5 32.exf6 Qxf6 33.Rf1 Qg5 34.Qb3 Kh8 35.Rf4 Bf5 36.b5 cxb5
37.Rxc8+ Bxc8 38.Rf8+ Kg7 39.Rxc8 Ra4 40.Rc7+ Kh6 41.Rc6+ Kh5 42.Bxe4 Rc4
43.Rxb6 Rxd4 44.Bg2 Rd1+ 45.Qxd1 Qxe3+ 46.Kh1 Qxb6 47.Qxd5+ Kh6 48.Qc6+  1-0

[Event "Miskolc Avas op"]
[Site "Miskolc"]
[Date "1999.??.??"]
[Round "7"]
[White "Zambor, Norbert"]
[Black "Rybansky, Daniel"]
[Result "1-0"]
[WhiteElo "2270"]
[BlackElo "2000"]

1.d4 Nf6 2.Bg5 d5 3.e3 e6 4.Nd2 Be7 5.Bd3 O-O 6.f4 b6 7.Ngf3 Ba6 8.Bxa6 Nxa6
9.Ne5 Qd6 10.c3 Nd7 11.Bxe7 Qxe7 12.Qe2 Nab8 13.O-O f6 14.Nxd7 Nxd7 15.e4 Rfe8
16.Rae1 Qd6 17.e5 fxe5 18.fxe5 Qe7 19.Qa6 c5 20.Nf3 Nf8 21.h4 Ng6 22.g3 Qd7
23.Qd3 Ne7 24.Ng5 Nf5 25.g4 h6 26.gxf5 hxg5 27.f6  1-0

[Event "GER-chJME"]
[Site "Neumuenster"]
[Date "1999.??.??"]
[Round "?"]
[White "Uwira, Oliver"]
[Black "Haensel, Thomas"]
[Result "0-1"]
[WhiteElo "2115"]
[BlackElo "2207"]

1.d4 Nf6 2.Bg5 c5 3.Bxf6 gxf6 4.d5 Qb6 5.Qc1 f5 6.c4 Bg7 7.Nc3 O-O 8.e3 a6
9.Nge2 Qh6 10.Ng3 e6 11.Be2 d6 12.O-O Bf6 13.Qd2 Be7 14.Rad1 Nd7 15.f4 Nf6
16.e4 Bd7 17.exf5 exf5 18.Rde1 Ne8 19.Bd3 Bh4 20.Re3 Ng7 21.Qc2 Qg6 22.Nd1 Rfe8
23.Ref3 Bf6 24.Kh1 Bd4 25.Ne2 Qf6 26.Nxd4 Qxd4 27.Qf2 Qxf2 28.R1xf2 Re1+
29.Rf1 Rae8 30.Kg1 b5 31.Kf2 R1e7 32.Ne3 Rb8 33.b3 b4 34.Rg1 h5 35.h3 Kf8
36.g4 fxg4 37.hxg4 hxg4 38.Nxg4 Bxg4 39.Rxg4 Ne8 40.Rh3 Reb7 41.Rh8+ Ke7
42.Rgg8 Rd7 43.Rh1 Rdd8 44.Re1+ Kf6 45.Rg5 Ng7 46.Reg1 Ne8 47.Rf5+ Ke7 48.Be2 Rb7
49.Rg8 Rbb8 50.Bf3 a5 51.Rg1 Rb7 52.Re1+ Kf8 53.Rh5 Rbb8 54.f5 Nf6 55.Rh8+ Kg7
56.Rxd8 Rxd8 57.Re7 Rd7 58.Rxd7 Nxd7 59.Ke3 Kf6 60.Kf4 Nb6 61.Be2 a4 62.Bd1 a3
63.Bc2 Na8 64.Bd3 Nb6 65.Bc2 Nd7 66.Bd3 Nf8 67.Be2 Nh7 68.Bf3 Kg7 69.Kg4 Kh6
70.Bg2 Nf6+ 71.Kh4 Nd7 72.Bf1 Ne5 73.Be2 f6 74.Bd1 Nd3 75.Bc2 Nc1 76.Bb1 Ne2  0-1

[Event "GER-chJME"]
[Site "Neumuenster"]
[Date "1999.??.??"]
[Round "?"]
[White "Schenk, Andreas"]
[Black "Haensel, Thomas"]
[Result "1/2-1/2"]
[WhiteElo "2218"]
[BlackElo "2207"]

1.d4 Nf6 2.Bg5 g6 3.Bxf6 exf6 4.e3 b6 5.Nf3 Bb7 6.c4 Bg7 7.Nc3 d6 8.g3 f5
9.Bg2 Nd7 10.O-O O-O 11.Qd3 Nf6 12.b4 c5 13.a3 d5 14.Rac1 dxc4 15.Qxc4 cxd4
16.Nxd4 Bxg2 17.Kxg2 Ng4 18.Nc6 Qc7 19.Rfd1 Qb7 20.Qd5 a6 21.a4 Rfe8 22.Qd7 Qxd7
23.Rxd7 Bxc3 24.Rxc3 Nf6 25.Rb7 Re6 26.Nd4 Nd5 27.Rc6 Rxc6 28.Nxc6 Rc8 29.b5  1/2-1/2

[Event "GER-chJME"]
[Site "Neumuenster"]
[Date "1999.??.??"]
[Round "?"]
[White "Uwira, Oliver"]
[Black "Schenk, Andreas"]
[Result "1/2-1/2"]
[WhiteElo "2115"]
[BlackElo "2218"]

1.d4 Nf6 2.Bg5 c5 3.d5 Ne4 4.Bf4 d6 5.f3 Nf6 6.e4 g6 7.Nd2 Bg7 8.c3 O-O 9.Bc4 Na6
10.Ne2 Nc7 11.a4 e6 12.Qb3 exd5 13.exd5 Nh5 14.Ne4 Nxf4 15.Nxf4 b6 16.O-O Rb8
17.Bb5 Bh6 18.Nd3 Nxb5 19.axb5 Rb7 20.Rfe1 Re7 21.Qc4 Kh8 22.Kf1 Rfe8 23.Ng3 Rxe1+
24.Rxe1 Bd7 25.Ne4 f5 26.Nef2 Rxe1+ 27.Nxe1 Qe8 28.Qa2 Bd2 29.Ned3 Bxb5 30.c4 Bd7
31.Qxa7 b5 32.b3 bxc4 33.bxc4 Bh6  1/2-1/2

[Event "Fan Adams Int"]
[Site "New York "]
[Date "1999.??.??"]
[Round "2"]
[White "Gustafsson, Jan"]
[Black "Burnett, Ronald"]
[Result "1/2-1/2"]
[WhiteElo "2415"]
[BlackElo "2420"]

1.d4 Nf6 2.Bg5 d5 3.Bxf6 exf6 4.e3 c6 5.Nd2 f5 6.g3 Nd7 7.Bg2 Bd6 8.Ne2 Nf6
9.c4 dxc4 10.Nxc4 Bb4+ 11.Nc3 Be6 12.Qd3 Ne4 13.Nd2 Nxd2 14.Qxd2 Bc4 15.a3 Qa5
16.Rc1 Be7 17.Qc2 O-O 18.Qa4 Qxa4 19.Nxa4 b5 20.Nc5  1/2-1/2

[Event "RUS-ch sf"]
[Site "Novosibirsk"]
[Date "1999.??.??"]
[Round "1"]
[White "Roppel, Konstantin"]
[Black "Erikalov, A."]
[Result "0-1"]
[WhiteElo "2331"]
[BlackElo "2438"]

1.d4 Nf6 2.Bg5 d5 3.Nf3 e6 4.e3 c5 5.c3 Qb6 6.Qb3 Nc6 7.Nbd2 Bd6 8.Be2 Bd7
9.O-O O-O 10.Rad1 cxd4 11.exd4 Qc7 12.Bd3 Nh5 13.Bb1 h6 14.Bh4 Rac8 15.Bg3 Nf4
16.Rfe1 f5 17.Ne5 Bxe5 18.dxe5 Nh5 19.f4 g5 20.Nf3 Na5 21.Qb4 Nc4 22.fxg5 a5
23.Qb3 Nxg3 24.hxg3 hxg5 25.Nxg5 Nxe5 26.Rd4 Rf6 27.Qd1 Ng4 28.Nh7 Rg6 29.Rxg4 Qc5+
30.Kh2 Rxg4 31.Kh1 Kg7 32.b4 Qf2  0-1

[Event "RUS-ch sf"]
[Site "Novosibirsk"]
[Date "1999.??.??"]
[Round "3"]
[White "Gutov, Andrei"]
[Black "Lopushnoy, Denis"]
[Result "0-1"]
[WhiteElo "2278"]
[BlackElo "2399"]

1.d4 Nf6 2.Bg5 d5 3.Bxf6 exf6 4.e3 g6 5.g3 Bg7 6.Bg2 O-O 7.Ne2 c6 8.b3 Be6
9.Nd2 f5 10.c4 Nd7 11.O-O Nf6 12.Rc1 Qd7 13.Nf4 Rac8 14.b4 Rfd8 15.Nd3 Ne4
16.c5 b6 17.a4 Qb7 18.cxb6 axb6 19.Nb3 Bf8 20.Qc2 Nd6 21.Ra1 Nc4 22.Rfb1 Ra8
23.Nd2 Ra7 24.b5 cxb5 25.Rxb5 Na3 26.Rxa3 Bxa3 27.Qb3 Qc6 28.Ne5 Qc1+ 29.Bf1 Bd6
30.Ndf3 Rda8 31.Rxb6 Bxe5 32.Nxe5 Rxa4 33.Nd3 Qc4 34.Nb2 Qxb3 35.Rxb3 Ra1
36.Nd3 Rd1 37.Kg2 Ra2 38.h4 Kg7 39.Rb8 Rad2 40.Nf4 Ra1 41.Bd3 h6 42.Bb1 g5
43.hxg5 hxg5 44.Nh5+ Kh6 45.g4 Rd1  0-1

[Event "GER-ch U16 Girls"]
[Site "Oberhof"]
[Date "1999.??.??"]
[Round "?"]
[White "Helm, Leonie"]
[Black "Schlosberg, Elisabeth"]
[Result "1-0"]
[WhiteElo "1980"]
[BlackElo "1865"]

1.d4 Nf6 2.Bg5 d5 3.Bxf6 exf6 4.e3 Bd6 5.c4 c6 6.Nc3 Bb4 7.cxd5 Qa5 8.Qb3 cxd5
9.a3 Nc6 10.Rc1 Bxc3+ 11.Rxc3 O-O 12.Bd3 Re8 13.Ne2 Rb8 14.O-O Be6 15.Nf4 Qc7
16.Qc2 h6 17.Bb5 Rec8 18.Rc1 Qd6 19.Qa4 a6 20.Bxc6 bxc6 21.Rxc6 Rxc6 22.Qxc6 Qxc6
23.Rxc6 Rxb2 24.h3 a5 25.Ra6 Rb5 26.a4 Rb1+ 27.Kh2 Rb2 28.Kg3 Kh7 29.Rxa5 Ra2
30.Ra7 Ra3 31.a5 f5 32.h4 Ra4 33.h5 Ra3 34.Ra8 Bd7 35.Ra7 Be6 36.Nxe6 fxe6
37.Ra8 Ra2 38.a6 g5 39.hxg6+ Kxg6 40.a7 Kg7 41.f3 Ra3 42.Kf4 Ra5 43.Ke5 Ra6
44.g4 fxg4 45.fxg4  1-0

[Event "CZE-ch op"]
[Site "Plzen"]
[Date "1999.??.??"]
[Round "?"]
[White "Cech, Pavel"]
[Black "Lechtynsky, Jiri"]
[Result "1-0"]
[WhiteElo "2390"]
[BlackElo "2358"]

1.d4 Nf6 2.Bg5 c5 3.d5 Ne4 4.h4 Qb6 5.Nd2 Nxg5 6.hxg5 Qxb2 7.g6 fxg6 8.e4 Na6
9.Rb1 Qf6 10.Ngf3 e5 11.dxe6 d6 12.Bb5+ Kd8 13.Nc4 Kc7 14.Bxa6 Qc3+ 15.Ke2 bxa6
16.Ne3 Bxe6 17.Nd5+ Bxd5 18.Qxd5 Qxc2+ 19.Nd2 Rb8 20.Rxb8 Kxb8 21.Rb1+ Qxb1
22.Nxb1 Be7 23.Qe6 Bd8 24.Qxd6+ Bc7 25.Qxa6  1-0

[Event "Presov op"]
[Site "Presov"]
[Date "1999.??.??"]
[Round "4"]
[White "Dovzik, Juri"]
[Black "Demeter, Peter"]
[Result "1/2-1/2"]
[WhiteElo "2435"]
[BlackElo "2227"]

1.d4 Nf6 2.Bg5 g6 3.Bxf6 exf6 4.e3 Bg7 5.Bd3 f5 6.Ne2 d6 7.O-O O-O 8.c4 Nd7
9.Nbc3 Nf6 10.Nf4 c6 11.Rc1 Re8 12.b4 Ne4 13.Qc2 Qe7 14.Rfe1 Nxc3 15.Qxc3 Bd7
16.Bf1 h5 17.g3 h4 18.Bg2 hxg3 19.hxg3 a6 20.a4 Qf8 21.Qb3 Reb8 22.Rb1 Bf6
23.b5 axb5 24.axb5 Kg7 25.Bf3 Qd8 26.Rec1 cxb5 27.cxb5 Ra5 28.Qd3 Rc8 29.Rxc8 Qxc8
30.Bd5 b6 31.Kg2 Qe8 32.Qc4 Rxb5 33.Rxb5 Bxb5 34.Qc7 Bd8 35.Qxd6 Qe7 36.Qb8 Qc7
37.Qa8 Bg5 38.Qa1 Qd6 39.Bf3 Bxf4 40.exf4 Bd7 41.d5+ f6 42.Qd4 b5 43.Qa7 g5
44.Qb7 Kf8 45.Be2 b4 46.Bc4 Ke8 47.Kf3 Qc5 48.Bd3 Qd4 49.Ke2 gxf4 50.Qb8+ Ke7
51.gxf4 Qxd5 52.Qxb4+ Qd6 53.Qc4 Qe6+  1/2-1/2

[Event "CXG R.Sa mem-B"]
[Site "Rio de Janeiro"]
[Date "1999.??.??"]
[Round "9"]
[White "Carvalho, Carlos Alberto"]
[Black "Ferraz e Silva, Pietro"]
[Result "1/2-1/2"]
[WhiteElo "2050"]
[BlackElo "2000"]

1.d4 Nf6 2.Bg5 g6 3.e3 Bg7 4.Bd3 d5 5.Nd2 Nbd7 6.c3 c5 7.f4 e6 8.Ngf3 O-O
9.O-O Qb6 10.Bxf6 Nxf6 11.b3 cxd4 12.cxd4 Bd7 13.Ne5 Rac8 14.Rc1 Rxc1 15.Qxc1 Rc8
16.Qb1 Rc3 17.Rc1 Rxc1+ 18.Qxc1 Bc6 19.Nxc6 Qxc6 20.Qxc6 bxc6 21.Ba6 Nd7
22.Bb7 c5 23.dxc5 Nxc5 24.Bc6 Nd3 25.a4 Bc3 26.Nb1 Be1 27.Kf1 Bb4 28.Ke2 Nc1+
29.Kd1 Nxb3 30.Kc2 Nc5 31.Nc3 Bxc3 32.Kxc3 Ne4+ 33.Kd4  1/2-1/2

[Event "San Felipe zt"]
[Site "San Felipe"]
[Date "1999.??.??"]
[Round "7"]
[White "Mera Cedeno, Angel"]
[Black "Yanez, Wilbert"]
[Result "1-0"]
[WhiteElo "2361"]
[BlackElo "2230"]

1.d4 Nf6 2.Bg5 g6 3.Bxf6 exf6 4.e3 Bg7 5.h4 f5 6.h5 d5 7.Nh3 c6 8.Nf4 Qb6
9.Nd2 Nd7 10.c4 Nf6 11.Rb1 a5 12.Qf3 O-O 13.cxd5 cxd5 14.hxg6 hxg6 15.Qh3 Re8
16.Be2 Bd7 17.Nf3 Qb4+ 18.Kf1 Bb5 19.Nd3 Qa4 20.g3 Rac8 21.Nfe5 Qxa2 22.Kg2 Bxd3
23.Bxd3 Qb3 24.Qh4 Ng4 25.Nd7 Nh6 26.Be2 Rc6 27.Qg5 Qc2 28.Bf3 Ng4 29.Bxg4 fxg4
30.Qxd5 Qc4 31.Qg5 Qe6 32.Nc5 Qc8 33.Rbc1 b6 34.Nd3 Rxc1 35.Rxc1 Qe6 36.Kg1 Rc8
37.Rxc8+ Qxc8 38.Qb5 Qc2 39.Nf4 Qd1+ 40.Kh2 Qd2 41.Kg2 Qd1 42.Qc6 Qd2 43.b3 Qb4
44.Qd5 Qe7 45.Ne2 Qe6 46.Nc3 Bf8 47.Qxe6 fxe6 48.Kf1 Bb4 49.Na2 Ba3 50.Ke2 Kg7
51.Kd3 b5 52.Nc3 Bb4 53.Nxb5 Be1 54.Ke2 Bb4 55.Na7 Kf6 56.Nc6 Bc3 57.Ne5 Kf5
58.Kd3 Be1 59.e4+ Kg5 60.Ke3 Bb4 61.Nd3 Bc3 62.Ne5 Bb4 63.Nd7 Bc3 64.e5 Kf5
65.Nf6 Bb4 66.Ne8 Bf8 67.Nd6+ Kg5 68.Ke4 Be7 69.d5 exd5+ 70.Kxd5 Kh6 71.Ke6 Bd8
72.Nf7+  1-0

[Event "Staufer-Open 11th"]
[Site "Schwaebisch Gmuend"]
[Date "1999.??.??"]
[Round "3"]
[White "Gerstner, Wolfgang"]
[Black "Schwalbe, Gerhard"]
[Result "1-0"]
[WhiteElo "2365"]
[BlackElo "2145"]

1.d4 Nf6 2.Bg5 d5 3.e3 Bf5 4.Nf3 Nbd7 5.c4 c6 6.cxd5 Qa5+ 7.Qd2 Qxd2+ 8.Nbxd2 cxd5
9.Rc1 Kd8 10.Be2 Rc8 11.O-O Rxc1 12.Rxc1 Ne8 13.Nb3 Nd6 14.Na5 Nb6 15.Bf4 Nbc8
16.Ng5 Bg6 17.Nxb7+ Nxb7 18.Bc7+  1-0